|
|
|
|
| LEADER |
00705nam a22002051a 4500 |
| 020 |
|
|
|a 9788126719303
|c 0.00
|
| 040 |
|
|
|a SSUS - Library - Kalady
|
| 082 |
|
|
|a H 891.430 92
|b VAR/G
|
| 100 |
|
|
|a Varis Kirmani
|
| 245 |
|
|
|a Ghumati nadi: ek shayar ki aatamkatha
|h [Text]
|
| 260 |
|
|
|a New Delhi
|b Rajkamal
|c 2011
|
| 300 |
|
|
|a 259p.
|
| 600 |
|
|
|a Biography Varis Kirmani
|
| 600 |
|
|
|a Biography Literary Person Hindi
|
| 600 |
|
|
|a Literature Hindi
|
| 600 |
|
|
|a Literature
|
| 852 |
|
|
|h H 891.430 92
|i VAR/G
|p 068187
|9 350.00
|t 0
|
| 942 |
|
|
|c BK
|
| 999 |
|
|
|c 15961
|d 15961
|
| 952 |
|
|
|0 0
|1 0
|4 0
|6 H_891_430000000000000_92_VAR_G
|7 0
|9 22560
|a SSUS
|b SSUS
|d 2015-01-08
|g 350.00
|o H 891.430 92 VAR/G
|p 068187
|r 2015-01-08
|v 0.00
|w 2015-01-08
|y BK
|